000
00248nam a2200097Ia 4500
008
240331s9999 xx 000 0 und d
082
_b
MAR
100
_a
Indiaya cumunist kachchi. ed
245
0
_a
Marksiya thathuvaarasiyal padak kurippukal
942
_c
L
999
_c
3591
_d
3591